| 000 | 00534nam a22001337a 4500 | ||
|---|---|---|---|
| 082 | _aMSIT-12 FAY | ||
| 100 |
_aSalman Fayyaz Khan _9100523 |
||
| 245 | _aCyclic prefix and intra-fix insertion for frequency-domain equalization (FDE) of shaped-offset OPSK | ||
| 260 |
_aIslamabad _bNUST-SEECS _c2015 |
||
| 300 |
_a54p. _bill.; _eCD ROM |
||
| 500 | _aSupervisors: Dr. Sajid Saleem, Dr. Adnan Khalid Kiani, Dr. Hassaan Khaliq Qureshi, Dr. Syed Ali Hassan | ||
| 856 | _uhttp://10.250.8.41:8080/xmlui/handle/123456789/10003 | ||
| 942 |
_cPR _2ddc |
||
| 999 |
_c13457 _d13457 |
||